书目信息 |
| 题名: |
结构力学
|
|
| 作者: | 阳日 , 莫宣志 主编 | |
| 分册: | ||
| 出版信息: | 重庆 重庆大学出版社 1998.04 |
|
| 页数: | 273页 | |
| 开本: | 16开 | |
| 丛书名: | ||
| 单 册: | ||
| 中图分类: | TU311 | |
| 科图分类: | ||
| 主题词: | 建筑结构--理论 , 建筑结构--结构计算 | |
| 电子资源: | ||
| ISBN: | 7-5624-1680-X | |
| 000 | 00614nam0 2200217 45 | |
| 001 | 0008211772 | |
| 005 | 20091215095259.96 | |
| 010 | @a7-5624-1680-X@d18.00元 | |
| 100 | @a20000821d1998 km y0chiy0120 ea | |
| 101 | 0 | @achi |
| 105 | @a z 000yy | |
| 200 | 1 | @a结构力学@AJie Gou Li Xue@f阳日,莫宣志主编@FYang Ri,Mo Xuan Zhi Zhu Bian |
| 210 | @a重庆@c重庆大学出版社@d1998.04 | |
| 215 | @a273页@d16开 | |
| 606 | 0 | @a建筑结构@x理论 |
| 606 | 0 | @a建筑结构@x结构计算 |
| 690 | @aTU311@v3 | |
| 701 | 0 | @a阳日@4主编 |
| 701 | 0 | @a莫宣志@4主编 |
| 801 | @aCN@bPftUser@c20091215 | |
| 905 | @b113733-742@dTU311@eY134@f10 | |
| 结构力学/阳日,莫宣志主编.-重庆:重庆大学出版社,1998.04 |
| 273页;16开 |
| ISBN 7-5624-1680-X:18.00元 |
| ● |
| 相关链接 |
|
|
|
正题名:结构力学
索取号:TU311/Y134
 
预约/预借
| 序号 | 登录号 | 条形码 | 馆藏地/架位号 | 状态 | 备注 |
| 1 | 115982 | 201159824 | 自科二线404/404自科库 2排3列1层/ [索取号:TU311/Y134] | 在馆 | |
| 2 | 115983 | 201159833 | 自科二线504/504自科库 48排5列6层/ [索取号:TU311/Y134] | 在馆 | |
| 3 | 115984 | 201159842 | 自科二线404/404自科库 26排3列2层/ [索取号:TU311/Y134] | 在馆 | |
| 4 | 115985 | 201159851 | 自科二线404/404自科库 2排3列1层/ [索取号:TU311/Y134] | 在馆 | |
| 5 | 115986 | 201159860 | 建筑库101/101建筑库 78排1列4层/ [索取号:TU311/Y134] | 在馆 | |
| 6 | 115987 | 201159879 | 自科二线404/404自科库 3排4列1层/ [索取号:TU311/Y134] | 在馆 | |
| 7 | 115988 | 201159888 | 土木与交通工程学院资料室/土木与交通学院资料室 1排1列1层/ [索取号:TU311/Y134] | 在馆 | |
| 8 | 115989 | 201159897 | 土木与交通工程学院资料室/土木与交通学院资料室 1排1列1层/ [索取号:TU311/Y134] | 在馆 | |
| 9 | 115990 | 201159904 | 自科二线404/404自科库 2排3列1层/ [索取号:TU311/Y134] | 在馆 | |
| 10 | 115991 | 201159913 | 自科二线404/404自科库 4排5列2层/ [索取号:TU311/Y134] | 在馆 |